01234nam a22002057a 450000500170000000800410001702000180005804000070007604100080008308200210009110000200011224500210013225000120015326000490016530000320021436500790024652006440032565000360096970000230100520230324113957.0220910b ||||| |||| 00| 0 eng d a9781133309598 cAL aeng 223a001.42bWHIR aTheresa L White aResearch Methods a9th ed. aAustraliabWadsworth Cengage Learningsc2013 axxi,458p.bPBc23.2X18.7cm. 2GeneralaWORDI/2022/CRB/1324b₹2797.00c₹d₹3995.00e30%f26-08-2022 aNow in its 9th Edition, RESEARCH METHODS, International Edition provides readers with a scientific approach to understanding their field of study and the world in general. The text's logical, step-by-step coverage is the result of decades of author experience. It includes all of the stages of the research process, from selecting the project and searching for literature, to choosing a protocol and getting published. RESEARCH METHODS, International Edition also presents students with problems from selected psychological literature to demonstrate some of the creative ways psychology professionals design and conduct effective research. 2Research methodologyaKnowledge aMcBurney, Donald H